Historie der Hollandsche staatsregering, (Record no. 18640)

MARC details
000 -LEADER
fixed length control field 00915cam a22002291 4500
001 - CONTROL NUMBER
control field d 01000344
003 - CONTROL NUMBER IDENTIFIER
control field DLC
005 - DATE AND TIME OF LATEST TRANSACTION
control field 20260227111148.0
008 - FIXED-LENGTH DATA ELEMENTS--GENERAL INFORMATION
fixed length control field 801014m18021805ne a 000 0 dut
010 ## - LIBRARY OF CONGRESS CONTROL NUMBER
LC control number d 01000344
035 ## - SYSTEM CONTROL NUMBER
System control number (OCoLC)6824257
040 ## - CATALOGING SOURCE
Original cataloging agency DLC
Transcribing agency CLU
Modifying agency OCoLC
-- DLC
042 ## - AUTHENTICATION CODE
Authentication code premarc
043 ## - GEOGRAPHIC AREA CODE
Geographic area code e-ne---
050 00 - LIBRARY OF CONGRESS CALL NUMBER
Classification number DH131
Item number .K6
100 1# - MAIN ENTRY--PERSONAL NAME
Personal name Kluit, Adriaan,
Dates associated with a name 1736-1807.
245 10 - TITLE STATEMENT
Title Historie der Hollandsche staatsregering,
Remainder of title tot aan het jaar 1795. Of geschied- en staatkundig onderzoek, in welken zin de staten van Holland, gedurende de republikeinsche regering, zijn geweest de wettige souvereine vertegenwoordigers van't gansche volk van Holland, of der geheele natie.
Statement of responsibility, etc. Met vele onuitgegeven bijlagen ...
260 ## - PUBLICATION, DISTRIBUTION, ETC.
Place of publication, distribution, etc. Amsterdam,
Name of publisher, distributor, etc. W. Brave,
Date of publication, distribution, etc. 1802-05.
300 ## - PHYSICAL DESCRIPTION
Extent 5 v.
Other physical details fold. tab.
Dimensions 22 cm.
651 #0 - SUBJECT ADDED ENTRY--GEOGRAPHIC NAME
Geographic name Netherlands
General subdivision Politics and government.
651 #0 - SUBJECT ADDED ENTRY--GEOGRAPHIC NAME
Geographic name Netherlands
General subdivision History.

No items available.

Powered by Koha